សហគមន៏តំបន់ការពារធម្មជាតិ (Record no. 10229)
[ view plain ]
| 000 -LEADER | |
|---|---|
| fixed length control field | 00284nam a22001097a 4500 |
| 040 ## - CATALOGING SOURCE | |
| Transcribing agency | SK |
| 082 ## - DEWEY DECIMAL CLASSIFICATION NUMBER | |
| Classification number | 367 |
| 100 ## - MAIN ENTRY--AUTHOR NAME | |
| Personal name | គឹម សារិន |
| 245 ## - TITLE STATEMENT | |
| Title | សហគមន៏តំបន់ការពារធម្មជាតិ |
| 260 ## - PUBLICATION, DISTRIBUTION, ETC. (IMPRINT) | |
| Place of publication | RUA |
| Name of publisher | គឹម |
| Year of publication | 2005 |
| 942 ## - ADDED ENTRY ELEMENTS (KOHA) | |
| Koha item type | សៀវភៅភាសាខ្មែរ |
| 952 ## - LOCATION AND ITEM INFORMATION (KOHA) | |
| Withdrawn status [LOCAL, KOHA] | 0 |
| Permanent Location | Date acquired | Koha item type | Lost status | Shelving location | Barcode | Current Location | Full call number |
|---|---|---|---|---|---|---|---|
| Library Block C | 2016-09-22 | សៀវភៅភាសាខ្មែរ | C194 | RUA060200 | Library Block C | 367 គឹម 2005 C194 |